गुरू गोविन्द सिंह (Record no. 1069)
[ view plain ]
| 000 -LEADER | |
|---|---|
| fixed length control field | 01194 a2200241 4500 |
| 005 - DATE AND TIME OF LATEST TRANSACTION | |
| control field | 20080904104256.0 |
| 008 - FIXED-LENGTH DATA ELEMENTS--GENERAL INFORMATION | |
| fixed length control field | 080904t xxu||||| |||| 00| 0 hin d |
| 010 ## - LIBRARY OF CONGRESS CONTROL NUMBER | |
| LC control number | HIN-78960 |
| 020 ## - INTERNATIONAL STANDARD BOOK NUMBER | |
| Terms of availability | 200.00 |
| International Standard Book Number | 8180590461 |
| 035 ## - SYSTEM CONTROL NUMBER | |
| System control number | HN-51307 |
| 037 ## - SOURCE OF ACQUISITION | |
| Source of stock number/acquisition | D.B.Act / pub |
| 082 ## - DEWEY DECIMAL CLASSIFICATION NUMBER | |
| Classification number | 260.33 |
| 100 ## - MAIN ENTRY--PERSONAL NAME | |
| Personal name | जौहर, सुरिन्दर सिंह |
| 245 ## - TITLE STATEMENT | |
| Title | गुरू गोविन्द सिंह |
| Statement of responsibility, etc | सुरिन्दर सिंह जौहर |
| 246 ## - VARYING FORM OF TITLE | |
| Title proper/short title | Guru Gobind Singh |
| Remainder of title | Surinder Singh Johar |
| 260 ## - PUBLICATION, DISTRIBUTION, ETC. (IMPRINT) | |
| Place of publication, distribution, etc | दिल्ली |
| Name of publisher, distributor, etc | श्री प्रकाशन |
| Date of publication, distribution, etc | 2006 |
| 270 ## - ADDRESS | |
| City | दिल्ली |
| Address | ए-402, विद्युत अपार्टमेंट,इन्द्रप्रस्थ एक्सटेशन, पटपडगंज |
| Postal code | 110092 |
| Telephone number | 011 22245803 |
| 300 ## - PHYSICAL DESCRIPTION | |
| Extent | 204पृ. |
| Dimensions | 22 सेमी (सजिल्द) |
| 650 ## - SUBJECT ADDED ENTRY--TOPICAL TERM | |
| Topical term or geographic name as entry element | जीवनी |
| 650 ## - SUBJECT ADDED ENTRY--TOPICAL TERM | |
| Topical term or geographic name as entry element | Biography |
| 942 ## - ADDED ENTRY ELEMENTS (KOHA) | |
| Institution code [OBSOLETE] | dpl |
| Koha item type | Hindi Books |
| Call number prefix | 260.33 / जौहर |
| Source of classification or shelving scheme | Dewey Decimal Classification |
| Classification part | 260.33 |
| Call number suffix | जौहर |
| Withdrawn status | Lost status | Damaged status | Not for loan | Collection code | Home library | Current library | Date acquired | Cost, normal purchase price | Total Checkouts | Full call number | Barcode | Date last seen | Copy number | Uniform Resource Identifier | Cost, replacement price | Price effective from | Koha item type |
|---|---|---|---|---|---|---|---|---|---|---|---|---|---|---|---|---|---|
| Not For Loan | Fiction | D.B.Act.Division | D.B.Act.Division | 04/09/2008 | 200.00 | 260.33 जौहर | HN-51307 | 15/09/2008 | 1 | 1134 | 200.00 | 15/09/2008 | Hindi Books |
